| 000 | 00431nmm a2200145Ia 4500 | ||
|---|---|---|---|
| 008 | 251105s9999||||xx |||||||||||||||||und|| | ||
| 041 | _aspa | ||
| 100 | _aAnwandter, Paul | ||
| 245 | 0 | _aIntroducción al Coaching Integral ICI | |
| 264 |
_a[Santiago de Chile, Chile] : _bPatagonia, _c2008 |
||
| 300 | _a185 páginas | ||
| 650 | _aEconomics and Business | ||
| 856 | _uhttps://public.digitaliapublishing.com/a/23667 | ||
| 942 | _cCF | ||
| 999 |
_c104282 _d104282 |
||